[Event "European Youth Chess Championship B14"]
[Site "Prague, Top Hotel Prague"]
[Date "2016.08.19"]
[Round "2.37"]
[White "Vrolijk, Liam"]
[Black "Vuckovic, Marko"]
[Result "1/2-1/2"]
[WhiteElo "2221"]
[BlackElo "1834"]
[PlyCount "94"]
[EventDate "2016.08.18"]

1. d4 d5 2. c4 e6 3. Nc3 Nf6 4. cxd5 exd5 5. Bg5 Be7 6. Qc2 O-O 7. e3 h6 8. Bh4
Be6 9. Bd3 c5 10. Nge2 Nbd7 11. O-O a6 12. Rad1 Rc8 13. Nf4 c4 14. Be2 b5 15.
a3 Rb8 16. Bg3 Rb7 17. Bf3 Nb6 18. e4 Nxe4 19. Nxe4 dxe4 20. Nxe6 fxe6 21. Qxe4
Rd7 22. Bg4 Ra7 23. Bxe6+ Kh8 24. Rfe1 Bd6 25. Bxd6 Qxd6 26. Qe5 Rd8 27. Bf5
Raa8 28. Be4 Nd5 29. Qf5 g6 30. Qxg6 Qxg6 31. Bxg6 Rd6 32. Bf7 Nf4 33. Re4 Nd3
34. Rd2 Kg7 35. Bh5 Kf6 36. Rg4 Rad8 37. Rg6+ Kf5 38. Rxd6 Rxd6 39. Bf3 Rxd4
40. Bb7 Rd6 41. g3 Ke5 42. Bc8 a5 43. Kf1 b4 44. axb4 axb4 45. f4+ Kd4 46. Ke2
Ke4 47. Bb7+ Kd4 1/2-1/2

[Event "European Youth Chess Championship B14"]
[Site "Prague, Top Hotel Prague"]
[Date "2016.08.19"]
[Round "2.38"]
[White "Nemec, David"]
[Black "Nesterov, Arseniy"]
[Result "0-1"]
[WhiteElo "1721"]
[BlackElo "2216"]
[PlyCount "46"]
[EventDate "2016.08.18"]

1. c4 b6 2. Nc3 Bb7 3. d4 e6 4. e3 Bb4 5. Bd2 f5 6. Nf3 Nf6 7. a3 Bxc3 8. Bxc3
Ne4 9. Be2 Nxc3 10. bxc3 O-O 11. O-O Nc6 12. Rb1 Qe7 13. Qb3 Rf6 14. Nd2 Rh6
15. Bf3 Qh4 16. h3 g5 17. Bxc6 Bxc6 18. d5 Bb7 19. Nf3 Qh5 20. Nd4 g4 21. Ne2
gxh3 22. g3 e5 23. Qa2 Qf3 0-1

[Event "European Youth Chess Championship B14"]
[Site "Prague, Top Hotel Prague"]
[Date "2016.08.19"]
[Round "2.39"]
[White "Tryggestad, Andreas Garberg"]
[Black "Maziukas, Kasparas"]
[Result "1-0"]
[WhiteElo "2161"]
[BlackElo "1596"]
[PlyCount "97"]
[EventDate "2016.08.18"]

1. e4 c6 2. Nc3 d5 3. Nf3 Bg4 4. h3 Bxf3 5. Qxf3 e6 6. g3 Nf6 7. Bg2 Nbd7 8.
O-O Be7 9. d4 dxe4 10. Nxe4 Nxe4 11. Qxe4 Nf6 12. Qd3 O-O 13. b3 Qc7 14. Bb2
Rfd8 15. Qf3 Rd7 16. c4 Rad8 17. a3 c5 18. dxc5 Qxc5 19. Rfd1 b6 20. Rxd7 Rxd7
21. Rd1 Qc8 22. Kf1 Ne8 23. Rxd7 Qxd7 24. Ke2 h6 25. Qc6 Qxc6 26. Bxc6 Bf6 27.
Bxf6 Nxf6 28. Kd3 e5 29. c5 bxc5 30. Kc4 Kf8 31. Kxc5 Ke7 32. b4 Ke6 33. b5 Ng8
34. Bd5+ Ke7 35. b6 axb6+ 36. Kxb6 Nf6 37. Bc6 Kd6 38. a4 Nd5+ 39. Bxd5 Kxd5
40. a5 Ke4 41. a6 Kf3 42. a7 Kxf2 43. a8=Q Kxg3 44. Kc5 f5 45. Qb8 f4 46. Qxe5
g5 47. Qf5 f3 48. Kd4 f2 49. Ke3 1-0

[Event "European Youth Chess Championship B14"]
[Site "Prague, Top Hotel Prague"]
[Date "2016.08.19"]
[Round "2.40"]
[White "Martins, Bruno Andre Leite"]
[Black "Parkhov, Yair"]
[Result "0-1"]
[WhiteElo "1878"]
[BlackElo "2102"]
[PlyCount "176"]
[EventDate "2016.08.18"]

1. e4 e6 2. d4 d5 3. Nd2 c5 4. exd5 Qxd5 5. Ngf3 cxd4 6. Bc4 Qd6 7. O-O Nf6 8.
Nb3 Nc6 9. Nbxd4 Nxd4 10. Qxd4 Qxd4 11. Nxd4 Bd7 12. Be2 Rc8 13. Bf3 Bc5 14.
Nb3 Bb6 15. c3 Bc6 16. Bxc6+ Rxc6 17. a4 a5 18. Be3 Bxe3 19. fxe3 b6 20. Nd4
Rc4 21. b3 Rxc3 22. Rac1 Rxc1 23. Rxc1 O-O 24. Rc7 Nd5 25. Rb7 f5 26. Nxe6 Re8
27. Nf4 Nxf4 28. exf4 Re6 29. Kf2 h6 30. h3 h5 31. g3 Kh7 32. h4 Kh6 33. Kg2
Kh7 34. Kf2 Kg6 35. Kg2 Kf6 36. Kf2 g6 37. Kf3 Rc6 38. Ke2 Ke6 39. Kd3 Kd5 40.
Re7 Kc5 41. Re5+ Kb4 42. Rb5+ Ka3 43. Kd4 Re6 44. Kd5 Re3 45. Rxb6 Rxg3 46. Ke5
Rg4 47. b4 axb4 48. a5 Rg1 49. Kf6 b3 50. a6 Kb2 51. a7 Ra1 52. Kxg6 Rxa7 53.
Kxf5 Rg7 54. Kf6 Rg4 55. f5 Ka2 56. Ke7 Re4+ 57. Kd7 Rxh4 58. f6 Rf4 59. Ke7 b2
60. Ra6+ Kb3 61. Rb6+ Ka3 62. f7 h4 63. f8=Q Rxf8 64. Kxf8 h3 65. Ra6+ Kb3 66.
Rb6+ Kc2 67. Rc6+ Kd3 68. Rd6+ Kc3 69. Rc6+ Kd3 70. Rd6+ Kc4 71. Rd1 Kb3 72.
Rh1 Ka2 73. Rxh3 b1=Q 74. Rh2+ Kb3 75. Rh6 Kc4 76. Rf6 Kd5 77. Kf7 Qh7+ 78. Kf8
Qh8+ 79. Ke7 Qg7+ 80. Rf7 Qg5+ 81. Kd7 Qg6 82. Re7 Qg5 83. Ke8 Qf5 84. Rf7 Qc8+
85. Ke7 Ke5 86. Rf8 Qc7+ 87. Ke8 Ke6 88. Rf6+ Kxf6 0-1

[Event "European Youth Chess Championship B14"]
[Site "Prague, Top Hotel Prague"]
[Date "2016.08.19"]
[Round "2.41"]
[White "Ongut, Tamas Gunes"]
[Black "Van, Malder Dries"]
[Result "1-0"]
[WhiteElo "2063"]
[BlackElo "1883"]
[PlyCount "83"]
[EventDate "2016.08.18"]

1. e4 c5 2. Nf3 Nc6 3. Bb5 e6 4. O-O Nge7 5. Re1 a6 6. Bf1 Ng6 7. c4 Be7 8. Nc3
Bf6 9. g3 O-O 10. Bg2 d6 11. h4 Nge5 12. Nxe5 dxe5 13. b3 Qc7 14. Ba3 b6 15.
Ne2 Bb7 16. Bb2 Nb4 17. Nc1 Qe7 18. d4 cxd4 19. Ba3 a5 20. Nd3 Qc7 21. Bxb4
axb4 22. Nxb4 Ra5 23. Nd3 b5 24. cxb5 Rxb5 25. Rc1 Qb6 26. b4 Qd6 27. a4 Rb6
28. b5 Ra8 29. Qb3 Be7 30. Ra1 Bc8 31. f4 f6 32. fxe5 fxe5 33. a5 Rbb8 34. Rec1
Bd7 35. b6 Bf6 36. Bh3 Kh8 37. Nc5 Be7 38. Nxd7 Qxd7 39. Bxe6 Qd6 40. b7 Ra7
41. Rc8+ Bd8 42. Qd5 1-0

[Event "European Youth Chess Championship B14"]
[Site "Prague, Top Hotel Prague"]
[Date "2016.08.19"]
[Round "2.42"]
[White "Fossan, Aleksander"]
[Black "Tomasi, Albert"]
[Result "0-1"]
[WhiteElo "1834"]
[BlackElo "2276"]
[PlyCount "52"]
[EventDate "2016.08.18"]

1. e4 e5 2. Nf3 Nc6 3. Bc4 Nf6 4. d3 Be7 5. O-O O-O 6. Re1 d6 7. a4 Kh8 8. Nc3
Ng8 9. d4 Bg4 10. dxe5 dxe5 11. Be3 f5 12. exf5 Qe8 13. Be6 Rd8 14. Qe2 Bd6 15.
Ne4 Nge7 16. f6 Bxe6 17. Nxd6 cxd6 18. fxe7 Nxe7 19. Bxa7 Ra8 20. Bb6 Nd5 21.
a5 Nf4 22. Qd2 Bd5 23. Be3 Nh3+ 24. gxh3 Bxf3 25. Qd3 Qe6 26. h4 Qg4+ 0-1

[Event "European Youth Chess Championship B14"]
[Site "Prague, Top Hotel Prague"]
[Date "2016.08.19"]
[Round "2.43"]
[White "Zaza, Alexandre"]
[Black "Chukavin, Kirill"]
[Result "0-1"]
[WhiteElo "1834"]
[BlackElo "2146"]
[PlyCount "86"]
[EventDate "2016.08.18"]

1. e4 c5 2. Nf3 Nc6 3. Nc3 d6 4. d4 cxd4 5. Nxd4 Nf6 6. g3 g6 7. Bg2 Nxd4 8.
Qxd4 Bg7 9. e5 Nd7 10. Qa4 Bxe5 11. Bh6 Bxc3+ 12. bxc3 Qc7 13. O-O Kd8 14. Rfe1
Nc5 15. Qf4 Be6 16. Rad1 Rg8 17. Rxe6 fxe6 18. Qf7 Kd7 19. Bg5 Rae8 20. Bh3 Kc8
21. Be3 Kb8 22. Bxc5 Qxc5 23. Qxe6 Rgf8 24. Qe3 Qxe3 25. fxe3 Rf3 26. Re1 Ref8
27. Re2 g5 28. Bg2 R3f5 29. c4 Rc5 30. Bd5 Rf6 31. Rd2 e6 32. Bg2 Rxc4 33. h3
Kc7 34. g4 d5 35. Re2 Rf7 36. e4 dxe4 37. Bxe4 Rc5 38. Bd3 Kd6 39. Re4 Rf4 40.
Rxf4 gxf4 41. Bxh7 Rc3 42. Kg2 Rg3+ 43. Kh2 Ke5 0-1

[Event "European Youth Chess Championship B14"]
[Site "Prague, Top Hotel Prague"]
[Date "2016.08.19"]
[Round "2.44"]
[White "Milosevic, Milos"]
[Black "Alivodic, Dario"]
[Result "1-0"]
[WhiteElo "2132"]
[BlackElo "1834"]
[PlyCount "67"]
[EventDate "2016.08.18"]

1. d4 e6 2. c4 Nf6 3. Nf3 d5 4. Nc3 c6 5. e3 Be7 6. Qc2 O-O 7. b3 Nbd7 8. Be2
Ne8 9. O-O f5 10. Bb2 Nd6 11. Nd2 Nf6 12. f3 Nf7 13. Bd3 Ng5 14. Ne2 Qc7 15.
Nf4 Bd6 16. g3 Nf7 17. Kg2 g5 18. Ne2 h5 19. e4 dxe4 20. fxe4 Ng4 21. Rf3 f4
22. e5 Bxe5 23. Bh7+ Kh8 24. dxe5 Nfxe5 25. gxf4 gxf4 26. Qe4 Qg7 27. Kh1 Rf6
28. Bxe5 Nxe5 29. Qxe5 Kxh7 30. Rg1 Qh6 31. Ne4 Rg6 32. Ng5+ Kg8 33. Nxf4 Rg7
34. Rfg3 1-0

[Event "European Youth Chess Championship B14"]
[Site "Prague, Top Hotel Prague"]
[Date "2016.08.19"]
[Round "2.45"]
[White "Yeritsyan, Aram"]
[Black "Colonetti, Fabio"]
[Result "1-0"]
[WhiteElo "2091"]
[BlackElo "1833"]
[PlyCount "87"]
[EventDate "2016.08.18"]

1. e4 c5 2. Nf3 d6 3. d4 cxd4 4. Nxd4 Nf6 5. Nc3 a6 6. Bg5 e6 7. Qd2 Nc6 8.
O-O-O h6 9. Bf4 d5 10. exd5 Nxd5 11. Nxd5 exd5 12. Qc3 Nxd4 13. Qxd4 Be6 14.
Be2 Qa5 15. Kb1 Rg8 16. Bf3 Bc5 17. Qe5 Rd8 18. Bxd5 Bb6 19. Bxe6 Qxe5 20.
Bxf7+ Kxf7 21. Bxe5 Rge8 22. Rxd8 Rxd8 23. Bg3 h5 24. Kc1 g5 25. h4 g4 26. Re1
Rd5 27. c4 Rf5 28. Re2 Rc5 29. b3 Bc7 30. Bxc7 Rxc7 31. Re5 Kg6 32. Kd2 Rd7+
33. Ke2 Rd6 34. c5 Rd7 35. c6 bxc6 36. Re6+ Kg7 37. Rxc6 Ra7 38. Rc5 Kg6 39.
Rg5+ Kh6 40. Ra5 Kg6 41. Kf1 Kh6 42. b4 Kg6 43. b5 Kg7 44. Rxa6 1-0

[Event "European Youth Chess Championship B14"]
[Site "Prague, Top Hotel Prague"]
[Date "2016.08.19"]
[Round "2.46"]
[White "Maache, Jawad"]
[Black "Nehyba, Martin"]
[Result "1/2-1/2"]
[WhiteElo "2090"]
[BlackElo "1824"]
[PlyCount "84"]
[EventDate "2016.08.18"]

1. d4 Nf6 2. c4 e5 3. dxe5 Ng4 4. Bf4 Nc6 5. Nf3 Bb4+ 6. Nbd2 Qe7 7. e3 Ngxe5
8. Nxe5 Nxe5 9. a3 Bxd2+ 10. Qxd2 d6 11. Be2 O-O 12. O-O b6 13. Rac1 Bb7 14. b4
Rad8 15. Qb2 Ng6 16. Bg3 c5 17. Rfd1 Nh4 18. Bf1 f5 19. bxc5 dxc5 20. Qe5 Ng6
21. Qxe7 Nxe7 22. Bc7 Rxd1 23. Rxd1 Kf7 24. Be2 Rc8 25. Be5 Bc6 26. g4 Ke6 27.
Bg3 g6 28. Rd6+ Kf7 29. Bh4 Rc7 30. h3 Be4 31. f3 Bc2 32. Bg3 Rc6 33. Rd7 Re6
34. Kf2 a5 35. Bh4 h6 36. f4 Be4 37. Bf3 Ke8 38. Rxe7+ Rxe7 39. Bxe7 Kxe7 40.
h4 Ke6 41. Bxe4 fxe4 42. a4 Kf6 1/2-1/2

[Event "European Youth Chess Championship B14"]
[Site "Prague, Top Hotel Prague"]
[Date "2016.08.19"]
[Round "2.47"]
[White "Oboladze, Luka"]
[Black "Vorisek, Jakub"]
[Result "1-0"]
[WhiteElo "2076"]
[BlackElo "1813"]
[PlyCount "91"]
[EventDate "2016.08.18"]

1. e4 e5 2. Nc3 Nf6 3. g3 Nc6 4. Bg2 Bc5 5. Nge2 O-O 6. O-O d6 7. d3 h6 8. h3
Nh7 9. Kh2 f5 10. f4 Ne7 11. Na4 Bb6 12. Nxb6 axb6 13. exf5 Nxf5 14. g4 Ne7 15.
f5 d5 16. d4 exd4 17. Nxd4 c5 18. Nf3 Qc7+ 19. Kg1 Bd7 20. Re1 Bc6 21. Ne5 Nf6
22. Bf4 Qd8 23. Nxc6 Nxc6 24. Re6 Nd4 25. Re5 Nc6 26. Bxd5+ Nxd5 27. Rxd5 Qh4
28. Kg2 Nd4 29. Bg3 Qf6 30. Rd6 Qe7 31. Qd3 Qf7 32. c3 Nb3 33. Rd7 Qxd7 34.
Qxd7 Nxa1 35. Qd1 Rad8 36. Qxa1 Rd2+ 37. Kf3 Rfd8 38. Bf4 R8d3+ 39. Ke4 Rd1 40.
Bc1 Rxh3 41. a4 Re1+ 42. Kf4 Rf1+ 43. Ke5 Rd3 44. Qa2+ Kh8 45. Qc4 Rdd1 46. Be3
1-0

[Event "European Youth Chess Championship B14"]
[Site "Prague, Top Hotel Prague"]
[Date "2016.08.19"]
[Round "2.48"]
[White "Ocko, Dominik"]
[Black "Haase, Pavel"]
[Result "0-1"]
[WhiteElo "1784"]
[BlackElo "2012"]
[PlyCount "80"]
[EventDate "2016.08.18"]

1. e4 c5 2. Nf3 d6 3. d4 cxd4 4. Nxd4 Nf6 5. Nc3 a6 6. Bg5 e6 7. f4 Be7 8. Qf3
Qc7 9. O-O-O Nbd7 10. g4 b5 11. Bxf6 gxf6 12. h4 Bb7 13. Rh2 b4 14. Nb1 d5 15.
Rhd2 dxe4 16. Qe3 Nb6 17. f5 e5 18. Nb3 Rc8 19. c3 bxc3 20. Nxc3 Bb4 21. Kb1
Bxc3 22. bxc3 Na4 23. c4 Qb6 24. Qxb6 Nxb6 25. Rd6 Na4 26. Kc2 e3 27. Bd3 Ke7
28. Bf1 Be4+ 29. Kc1 Nc3 30. Rxa6 Nxd1 31. Ra7+ Kf8 32. Kxd1 Rd8+ 33. Ke1 Kg7
34. Be2 Ra8 35. Rxa8 Rxa8 36. Nc5 Bc2 37. a4 Rc8 38. Nb7 Rb8 39. Bd1 Bxd1 40.
Kxd1 Rxb7 0-1

[Event "European Youth Chess Championship B14"]
[Site "Prague, Top Hotel Prague"]
[Date "2016.08.19"]
[Round "2.49"]
[White "Isfan, Ioan-Marius"]
[Black "Polansky, Adam Lubos"]
[Result "0-1"]
[WhiteElo "2011"]
[BlackElo "1773"]
[PlyCount "72"]
[EventDate "2016.08.18"]

1. d4 Nf6 2. Nf3 e6 3. c4 Bb4+ 4. Nbd2 b6 5. a3 Bxd2+ 6. Bxd2 Bb7 7. g3 O-O 8.
Bg2 d6 9. O-O Nbd7 10. b4 Ne4 11. Bc1 f5 12. Qb3 h6 13. Rd1 Ndf6 14. d5 e5 15.
Nh4 Bc8 16. Qc2 Ng5 17. c5 e4 18. cxd6 cxd6 19. Ng6 Re8 20. Nf4 Nf7 21. Bb2 Bd7
22. Rac1 Rc8 23. Qb3 Rxc1 24. Rxc1 Ne5 25. Bf1 Qb8 26. Ne6 Rc8 27. Rxc8+ Qxc8
28. Nd4 Qc4 29. e3 Nf3+ 30. Kg2 Qxf1+ 31. Kxf1 Nd2+ 32. Ke2 Nxb3 33. Nxb3 Nxd5
34. Nd4 a6 35. h4 h5 36. Ke1 Kf7 0-1

[Event "European Youth Chess Championship B14"]
[Site "Prague, Top Hotel Prague"]
[Date "2016.08.19"]
[Round "2.50"]
[White "Gorshtein, Ido"]
[Black "Pavlik, Vladimir"]
[Result "1-0"]
[WhiteElo "2008"]
[BlackElo "1749"]
[PlyCount "73"]
[EventDate "2016.08.18"]

1. e4 d6 2. d4 Nf6 3. Nc3 Nbd7 4. Nf3 e5 5. Bc4 Be7 6. dxe5 dxe5 7. O-O O-O 8.
Qe2 c6 9. a4 a5 10. Rd1 Qc7 11. Bg5 h6 12. Bd2 Re8 13. Nh4 Nc5 14. Nf5 Bf8 15.
Qf3 Be6 16. Bxe6 Rxe6 17. Be3 Nfd7 18. Rd2 Rd8 19. Rad1 Rf6 20. Qg4 Rg6 21. Qh4
Rf6 22. b3 Ne6 23. Ne2 g5 24. Qh3 Rg6 25. f3 Nf6 26. Rxd8 Nxd8 27. g4 Ne6 28.
Qf1 Nf4 29. Kh1 Nxe2 30. Qxe2 h5 31. h3 hxg4 32. hxg4 Ne8 33. Kg2 Ng7 34. Nxg7
Kxg7 35. Rd3 Be7 36. Qd2 Bd6 37. Bxg5 1-0

[Event "European Youth Chess Championship B14"]
[Site "Prague, Top Hotel Prague"]
[Date "2016.08.19"]
[Round "2.51"]
[White "Matus, Filip"]
[Black "Veiga, Jose Francisco R P N"]
[Result "0-1"]
[WhiteElo "1700"]
[BlackElo "2001"]
[PlyCount "130"]
[EventDate "2016.08.18"]

1. e4 c5 2. Nf3 Nc6 3. d4 cxd4 4. Nxd4 g6 5. c4 Bg7 6. Be3 d6 7. Be2 Nf6 8. Nc3
O-O 9. O-O Nxd4 10. Bxd4 Bd7 11. Qd2 Bc6 12. f3 a5 13. b3 Nd7 14. Be3 Nc5 15.
Rab1 Qb6 16. Rfc1 Rfc8 17. Nd5 Bxd5 18. exd5 Qb4 19. Rc2 h5 20. Bg5 Qxd2 21.
Rxd2 Kf8 22. Bf1 Bc3 23. Rc2 Bb4 24. g3 a4 25. Be3 axb3 26. axb3 Ra3 27. Bxc5
Rxc5 28. Bd3 Rca5 29. Rcc1 Ra2 30. Rc2 Rxc2 31. Bxc2 Ra2 32. Bd3 Ke8 33. Bf1
Kd7 34. Bg2 Kc7 35. h4 Kb6 36. Bh3 Ka5 37. Bd7 Bc5+ 38. Kh1 Bf2 39. Be8 Bxg3
40. Bxf7 Be5 41. Bxg6 Rh2+ 42. Kg1 Rxh4 43. Kf2 Kb4 44. Be8 Rh2+ 45. Ke3 h4 46.
f4 Rh3+ 47. Ke4 Bf6 48. Ba4 Rg3 49. Rh1 Kc3 50. Re1 Bd4 51. Rh1 Bf6 52. Re1 Kd2
53. Rh1 Ke2 54. Bd7 Rxb3 55. Bh3 Kf2 56. Kf5 Rc3 57. c5 Rxc5 58. Ke4 Rc4+ 59.
Kd3 Rxf4 60. Rf1+ Kg3 61. Rxf4 Kxf4 62. Ke2 Kg3 63. Bf5 h3 64. Kf1 h2 65. Be4
b5 0-1

[Event "European Youth Chess Championship B14"]
[Site "Prague, Top Hotel Prague"]
[Date "2016.08.19"]
[Round "2.52"]
[White "Shmavonyan, Areg"]
[Black "Mao, Ximan"]
[Result "1-0"]
[WhiteElo "1998"]
[BlackElo "1731"]
[PlyCount "81"]
[EventDate "2016.08.18"]

1. e4 Nf6 2. e5 Nd5 3. d4 d6 4. c4 Nb6 5. exd6 cxd6 6. Nc3 Nc6 7. Be3 g6 8. Rc1
Bg7 9. b3 Bf5 10. d5 Ne5 11. Be2 h5 12. h3 Ned7 13. Nf3 Nf6 14. Nd4 Bc8 15. O-O
Nbd7 16. Qd2 Nc5 17. Bf3 Kf8 18. Rfe1 Ng8 19. Re2 Bh6 20. Rce1 Rb8 21. Bxh6+
Rxh6 22. Qg5 Rh8 23. Re3 Nd7 24. Be4 Ndf6 25. Bb1 h4 26. Rf3 Rh5 27. Qd2 Kg7
28. Nce2 Rh7 29. Nf4 Rh6 30. Rfe3 Qf8 31. b4 Bd7 32. c5 dxc5 33. bxc5 g5 34.
Nd3 Kh8 35. Ne5 Bc8 36. Nf5 Bxf5 37. Bxf5 Rd8 38. Rd3 Ne8 39. Qxg5 Qg7 40. Qf4
Ngf6 41. Qxh6+ 1-0

[Event "European Youth Chess Championship B14"]
[Site "Prague, Top Hotel Prague"]
[Date "2016.08.19"]
[Round "2.53"]
[White "Nilsen, Tobias Lang"]
[Black "Matis, Tibor"]
[Result "1-0"]
[WhiteElo "1987"]
[BlackElo "1709"]
[PlyCount "81"]
[EventDate "2016.08.18"]

1. e4 c5 2. Nf3 Nc6 3. d4 cxd4 4. Nxd4 e6 5. Nc3 a6 6. Be3 Nf6 7. Be2 Bb4 8.
Nxc6 bxc6 9. Bd3 d5 10. e5 Nd7 11. Qg4 Qa5 12. O-O Bxc3 13. bxc3 Qxc3 14. Bd4
Qb4 15. c3 Qf8 16. f4 c5 17. Bf2 c4 18. Bc2 g6 19. Bd4 h5 20. Qg3 Qe7 21. Rae1
Nb8 22. f5 h4 23. Qh3 gxf5 24. Bxf5 Rg8 25. Bc2 Bd7 26. Rf4 Nc6 27. Bf2 Qg5 28.
Rxh4 Nxe5 29. Rh5 Qd2 30. Rhxe5 Qxc2 31. R5e2 Qg6 32. Bd4 Rb8 33. Qf3 Bc6 34.
Qf4 Rb1 35. g3 Rxe1+ 36. Rxe1 Qg5 37. Qd6 Bb5 38. Bc5 Rh8 39. Rxe6+ fxe6 40.
Qxe6+ Kd8 41. Bb6# 1-0

[Event "European Youth Chess Championship B14"]
[Site "Prague, Top Hotel Prague"]
[Date "2016.08.19"]
[Round "2.54"]
[White "Stage-Steffensen, Sander"]
[Black "Kreutzmann, Duke"]
[Result "0-1"]
[WhiteElo "1688"]
[BlackElo "1975"]
[PlyCount "96"]
[EventDate "2016.08.18"]

1. e4 e6 2. d3 d5 3. Nd2 c5 4. Ngf3 Nc6 5. g3 Nf6 6. Bg2 g6 7. O-O Bg7 8. Re1
O-O 9. c3 a5 10. Qc2 a4 11. a3 b6 12. Rb1 Ba6 13. Ra1 Rc8 14. Bf1 b5 15. Qb1
Qb6 16. h4 Bb7 17. Bh3 dxe4 18. dxe4 Na5 19. Bf1 c4 20. Bg2 Nh5 21. Nf1 Nb3 22.
Be3 Qc6 23. N1d2 Nxa1 24. Qxa1 Nf6 25. Nd4 Qa6 26. Nc2 Ng4 27. Nb4 Qa8 28. Nc2
Nxe3 29. Nxe3 Rfd8 30. Qc1 Rd3 31. Nc2 Rcd8 32. Re2 Bh6 33. f4 Rxg3 34. Qe1
Bxf4 35. Qf2 Qb8 36. Nf3 Rd1+ 37. Nce1 Rg4 38. e5 Bg3 39. Qxg3 Rxg3 40. Kf2
Bxf3 41. Nxf3 Rg4 42. Bh3 Qb6+ 43. Nd4 Rgg1 44. Re4 Qb7 45. Rf4 Qh1 46. Nf3
Qxh3 47. Nxg1 Rf1+ 48. Ke2 Qd3# 0-1

[Event "European Youth Chess Championship B14"]
[Site "Prague, Top Hotel Prague"]
[Date "2016.08.19"]
[Round "2.55"]
[White "Mahmutbegovic, Muharem"]
[Black "Kopec, Ladislav"]
[Result "1/2-1/2"]
[WhiteElo "1966"]
[BlackElo "1697"]
[PlyCount "40"]
[EventDate "2016.08.18"]

1. e4 c5 2. Nf3 d6 3. d4 cxd4 4. Nxd4 Nf6 5. Nc3 a6 6. Be3 e5 7. Nf3 Be7 8. Bc4
O-O 9. h3 Be6 10. Bb3 Nc6 11. O-O Na5 12. Bd5 Nxd5 13. Nxd5 Nc4 14. Bc1 b5 15.
Nxe7+ Qxe7 16. b3 Nb6 17. Ba3 Rfd8 18. Nxe5 Bxh3 19. Nxf7 Qxe4 20. gxh3 Qg6+
1/2-1/2

[Event "European Youth Chess Championship B14"]
[Site "Prague, Top Hotel Prague"]
[Date "2016.08.19"]
[Round "2.56"]
[White "Buitron, Ramil David"]
[Black "Berera, Siddharth"]
[Result "0-1"]
[WhiteElo "1949"]
[BlackElo "1676"]
[PlyCount "104"]
[EventDate "2016.08.18"]

1. e4 c5 2. Nf3 Nc6 3. d4 cxd4 4. Nxd4 g6 5. c4 Bg7 6. Be3 Nf6 7. Nc3 d6 8. Be2
O-O 9. O-O Nd7 10. Nb3 a5 11. a4 b6 12. Qc1 Ba6 13. Nb5 Rc8 14. f4 Bxb5 15.
axb5 Nb4 16. Rd1 Qc7 17. Bd2 Nc5 18. Nxc5 dxc5 19. Bc3 Rfd8 20. Rf1 Rd7 21.
Bxg7 Kxg7 22. Qc3+ Kg8 23. f5 Rcd8 24. fxg6 hxg6 25. Qh3 Nd3 26. Bxd3 Rxd3 27.
Qh6 Qe5 28. Qh4 Rd2 29. Ra3 Qd4+ 30. Kh1 Rd1 31. Raf3 Qd3 32. Qf4 Rxf1+ 33.
Rxf1 Qxc4 34. Re1 Qxb5 35. Qc7 Rd7 36. Qb8+ Kg7 37. Qe5+ f6 38. Qg3 Rd3 39. Qc7
Rd7 40. Qg3 Qd3 41. Qf4 Qd2 42. Qf1 Qxb2 43. e5 a4 44. exf6+ exf6 45. Rb1 Qc2
46. Rc1 Qd3 47. Qe1 b5 48. h3 b4 49. Kh2 b3 50. Rxc5 Qd6+ 51. Kh1 Qxc5 52. Qa1
a3 0-1

[Event "European Youth Chess Championship B14"]
[Site "Prague, Top Hotel Prague"]
[Date "2016.08.19"]
[Round "2.57"]
[White "Svanda, Ondrej"]
[Black "Petrovic, Lazar"]
[Result "1-0"]
[WhiteElo "1927"]
[BlackElo "1650"]
[PlyCount "91"]
[EventDate "2016.08.18"]

1. e4 e5 2. Nf3 d6 3. d4 exd4 4. Nxd4 Nf6 5. Nc3 Nc6 6. Bb5 Bd7 7. O-O Be7 8.
f3 O-O 9. Bxc6 bxc6 10. Be3 c5 11. Nde2 Be6 12. Nf4 Bc4 13. Nce2 Nd7 14. b3 Ba6
15. Qd2 Kh8 16. Rfe1 Nb6 17. Rad1 Qd7 18. Ng3 Bh4 19. Bxc5 Rad8 20. Bd4 f6 21.
c4 Bg5 22. Be3 Bb7 23. Nd5 Nxd5 24. Bxg5 fxg5 25. exd5 h6 26. Qd4 a6 27. Re6
Qf7 28. Rxh6+ Kg8 29. Re6 Bc8 30. Re4 Rde8 31. Rde1 Rxe4 32. Qxe4 g4 33. Qe7
Qxe7 34. Rxe7 Rf7 35. Re8+ Rf8 36. Rxf8+ Kxf8 37. f4 a5 38. Kf2 Ba6 39. Ke3 a4
40. f5 axb3 41. axb3 Bb7 42. Ne4 Kf7 43. Kf4 Bc8 44. Ng5+ Kf6 45. Ne6 g5+ 46.
fxg6 1-0

[Event "European Youth Chess Championship B14"]
[Site "Prague, Top Hotel Prague"]
[Date "2016.08.19"]
[Round "2.58"]
[White "Balashov, Egor"]
[Black "Lomandong, Marc-Antoine"]
[Result "1/2-1/2"]
[WhiteElo "1624"]
[BlackElo "1918"]
[PlyCount "88"]
[EventDate "2016.08.18"]

1. d4 d5 2. c4 e6 3. Nf3 Nf6 4. g3 Be7 5. Bg2 O-O 6. O-O c6 7. Qc2 Nbd7 8. b3
b6 9. Rd1 Ba6 10. Nbd2 Rc8 11. e4 c5 12. exd5 exd5 13. Bb2 cxd4 14. Nxd4 b5 15.
Qf5 bxc4 16. bxc4 Nb6 17. cxd5 Nbxd5 18. Ne4 Qb6 19. Rab1 Qb4 20. Nxf6+ Nxf6
21. Nc6 Qc5 22. Bxf6 Rxc6 23. Qxc5 Bxc5 24. Bxc6 gxf6 25. Rd7 Bc8 26. Rd5 Bb6
27. a4 Be6 28. Rdb5 Rc8 29. Be4 Bd7 30. R5b4 f5 31. Bd3 Rc3 32. Bb5 Be6 33. Kf1
Bd5 34. Rf4 Be4 35. Rb2 Rc1+ 36. Ke2 Bd4 37. Rd2 Bc3 38. f3 Bc2 39. Rc4 Bb3 40.
Rc8+ Kg7 41. Rd3 Rc2+ 42. Ke3 Bd2+ 43. Rxd2 Rxc8 44. Kf4 Bxa4 1/2-1/2

[Event "European Youth Chess Championship B14"]
[Site "Prague, Top Hotel Prague"]
[Date "2016.08.19"]
[Round "2.59"]
[White "Petr, Jakub"]
[Black "Manca, Luigi"]
[Result "1-0"]
[WhiteElo "1917"]
[BlackElo "1608"]
[PlyCount "153"]
[EventDate "2016.08.18"]

1. e4 d5 2. exd5 Qxd5 3. Nc3 Qa5 4. d4 c6 5. Bd2 Qc7 6. Nf3 Bg4 7. g3 Nf6 8.
Bg2 e6 9. O-O Be7 10. Ne2 Nbd7 11. h3 Bxf3 12. Bxf3 O-O 13. c3 Rfe8 14. Re1 Bd6
15. Qc2 Rac8 16. Rad1 c5 17. Qb1 b6 18. Be3 c4 19. Nf4 b5 20. Qc2 Nb6 21. Kh2
Nbd5 22. Nxd5 Nxd5 23. Bd2 a5 24. Rc1 Red8 25. Be4 h6 26. Bxd5 exd5 27. Qf5 Qb8
28. Re3 b4 29. Rce1 bxc3 30. Bxc3 Bb4 31. Bxb4 axb4 32. Re7 Rf8 33. Qxd5 c3 34.
Rb7 Rcd8 35. Rxb8 Rxd5 36. Rxb4 cxb2 37. Rb1 Rfd8 38. R1xb2 Rxd4 39. Rxd4 Rxd4
40. Kg2 Rd3 41. Rb8+ Kh7 42. a4 Ra3 43. Ra8 Kg6 44. a5 f5 45. a6 Kh7 46. Kf1
Ra2 47. f4 g5 48. Ke1 gxf4 49. gxf4 Ra4 50. a7 Kg7 51. Kd2 Kh7 52. Kc3 Kg7 53.
Kb3 Ra1 54. Kb4 Kh7 55. Kc5 Kg7 56. Kd5 Ra5+ 57. Ke6 Kh7 58. Kf6 h5 59. h4 Ra6+
60. Kxf5 Ra5+ 61. Kf6 Ra6+ 62. Kg5 Ra5+ 63. f5 Kg7 64. Kf4 Ra4+ 65. Ke3 Ra3+
66. Kd4 Ra4+ 67. Kc3 Ra6 68. f6+ Kxf6 69. Rf8+ Ke5 70. a8=Q Rxa8 71. Rxa8 Kf4
72. Ra4+ Kg3 73. Kd3 Kf3 74. Kd2 Kg3 75. Ke3 Kh3 76. Kf3 Kh2 77. Ra1 1-0

[Event "European Youth Chess Championship B14"]
[Site "Prague, Top Hotel Prague"]
[Date "2016.08.19"]
[Round "2.60"]
[White "Jamalov, Adam"]
[Black "Lund, Gunnar"]
[Result "0-1"]
[WhiteElo "1597"]
[BlackElo "1913"]
[PlyCount "36"]
[EventDate "2016.08.18"]

1. d4 Nf6 2. Nf3 e6 3. Bf4 c5 4. c3 Nc6 5. e3 Be7 6. Bd3 Nh5 7. Be5 d6 8. Bg3
Nxg3 9. hxg3 h6 10. Nh4 a6 11. Nd2 g5 12. Qg4 e5 13. Qf3 d5 14. Ng6 fxg6 15.
Bxg6+ Kd7 16. Qxd5+ Kc7 17. Qe4 Be6 18. dxe5 Bd5 0-1